| 000 | 00811nam a2200241Ia 4500 | ||
|---|---|---|---|
| 003 | OSt | ||
| 005 | 20220927105330.0 | ||
| 006 | a|||||r|||| 00| 0 | ||
| 007 | ta | ||
| 008 | 220926b |||||||| |||| 00| 0 eng d | ||
| 024 | _a190566 | ||
| 037 | _cReference Collections | ||
| 040 |
_aRTL _cRTL _beng |
||
| 041 |
_2eng _aeng |
||
| 082 | _a"Y5927.216.P1r, GD" | ||
| 110 |
_a"ANDHRA PRADESH, ECONOMICS AND STATISTICS (Directorate of-)" _9371754 |
||
| 245 | 0 | _aProfile of the scheduled tribes in Andhra Pradesh 2001. | |
| 260 |
_aHyderabad _bThe Author _c2009 |
||
| 300 |
_a101p Appendix: P 33-96 _ccm. |
||
| 700 |
_a"ANDHRA PRADESH, ECONOMICS AND STATISTICS (Directorate of-)" _9371755 |
||
| 942 |
_h"Y5927.216.P1r, GD" _cCC |
||
| 999 |
_c691915 _d691915 |
||